[Event "Iberoamerican-ch 10th"]
[Site "Linares"]
[Date "2024.09.27"]
[Round "4"]
[White "Rocha, Maximiliano"]
[Black "Leiva Rodriguez, Jeammarco Giuseppe"]
[Result "0-1"]
[WhiteElo "2156"]
[BlackElo "2389"]
[PlyCount "54"]
[EventDate "2024.09.25"]
[EventType "swiss"]
[EventRounds "9"]
[EventCountry "ESP"]
[SourceTitle "EXT 2025"]
[Source "ChessBase"]
[SourceDate "2024.10.14"]
[SourceVersion "1"]
[SourceVersionDate "2024.10.14"]
[SourceQuality "1"]

1. e4 e5 2. Nf3 Nc6 3. Bb5 a6 4. Ba4 Nf6 5. d4 exd4 6. 0-0 Be7 7. e5 Ne4 8. Nxd4 Nxd4 9. Qxd4 Nc5 10. Rd1 0-0 11. Nc3 d6 12. Be3 Be6 13. Ne4 Nxe4 14. Qxe4 d5 15. Qf3 c6 16. c3 f6 17. Qg3 fxe5 18. Qxe5 Bg4 19. Rd2 Bd6 20. Qd4 Bf5 21. Bb3 Kh8 22. Bc2 Qc7 23. Qh4 Rae8 24. Rad1 Bxc2 25. Rxc2 Re4 26. Qh3 Qe7 27. Rcc1 Rh4 0-1

[Event "Olympiad-45"]
[Site "Budapest"]
[Date "2024.09.14"]
[Round "4.60"]
[White "Anquandah, Francis Eric"]
[Black "Rocha, Maximiliano"]
[Result "1/2-1/2"]
[WhiteElo "1941"]
[BlackElo "2156"]
[PlyCount "104"]
[EventDate "2024.09.11"]
[EventType "team-swiss"]
[EventRounds "11"]
[EventCountry "HUN"]
[SourceTitle "EXT 2025"]
[Source "ChessBase"]
[SourceDate "2024.10.14"]
[SourceVersion "1"]
[SourceVersionDate "2024.10.14"]
[SourceQuality "1"]
[WhiteTeam "Ghana"]
[BlackTeam "Nicaragua"]
[WhiteTeamCountry "GHA"]
[BlackTeamCountry "NCA"]

1. e4 e5 2. Nf3 Nc6 3. Bc4 d6 4. h3 Be7 5. d4 exd4 6. Nxd4 Nf6 7. Nc3 0-0 8. 0-0 Re8 9. Nxc6 bxc6 10. Qd3 Be6 11. Bxe6 fxe6 12. f4 Qd7 13. b3 Rf8 14. Ne2 c5 15. Bb2 Rab8 16. Rad1 Qc6 17. Bxf6 Bxf6 18. c4 a5 19. Qf3 a4 20. Rd3 axb3 21. axb3 Rb6 22. e5 Qxf3 23. Rdxf3 Be7 24. Rd3 Rfb8 25. Rff3 Rd8 26. Kf2 d5 27. cxd5 exd5 28. f5 c6 29. Nf4 Re8 30. Kg3 Rb4 31. Ne6 c4 32. bxc4 Rxc4 33. Rc3 Re4 34. Rfe3 Rxe3+ 35. Rxe3 c5 36. Kf4 Kf7 37. Rc3 Rc8 38. g4 h6 39. h4 c4 40. g5 hxg5+ 41. hxg5 g6 42. Nd4 gxf5 43. Kxf5 Bc5 44. g6+ Ke7 45. Ne6 Bb4 46. Rc2 c3 47. Nf4 Rf8+ 48. Kg5 Rd8 49. Kh6 d4 50. g7 d3 51. Nxd3 Rxd3 52. Rg2 c2 1/2-1/2

[Event "Managua Ramirez de Arellano Memorial"]
[Site "Managua"]
[Date "2021.07.17"]
[Round "4"]
[White "Davila, Carlos"]
[Black "Rocha, Maximiliano"]
[Result "1/2-1/2"]
[WhiteElo "2199"]
[BlackElo "2111"]
[PlyCount "25"]
[EventDate "2021.07.10"]
[EventType "swiss"]
[EventRounds "9"]
[EventCountry "NCA"]
[SourceTitle "EXT 2023"]
[Source "ChessBase"]
[SourceDate "2022.10.05"]
[SourceVersion "1"]
[SourceVersionDate "2022.10.05"]
[SourceQuality "1"]

1. d4 d5 2. Nf3 Nf6 3. c4 e6 4. Nc3 c6 5. e3 Nbd7 6. Be2 Bd6 7. 0-0 0-0 8. a4 Qe7 9. a5 dxc4 10. Nd2 e5 11. Nxc4 Bc7 12. b3 Rd8 13. Ba3 1/2-1/2

[Event "NCA Selectivo II Etapa"]
[Site "Managua"]
[Date "2021.07.06"]
[Round "4"]
[White "Simplina, Amor"]
[Black "Rocha, Maximiliano"]
[Result "1-0"]
[WhiteElo "2085"]
[BlackElo "2111"]
[PlyCount "93"]
[EventDate "2021.07.03"]
[EventType "tourn"]
[EventRounds "9"]
[EventCountry "NCA"]
[SourceTitle "EXT 2022"]
[Source "ChessBase"]
[SourceDate "2021.10.06"]
[SourceVersion "1"]
[SourceVersionDate "2021.10.06"]
[SourceQuality "1"]

1. d4 d5 2. c4 e6 3. cxd5 exd5 4. Nc3 Be7 5. Nf3 Nf6 6. Bg5 0-0 7. e3 c6 8. Bd3 Nbd7 9. 0-0 Re8 10. h3 Ne4 11. Bf4 f5 12. Nd2 Bf6 13. Qc2 Nf8 14. Rad1 Kh8 15. Bh2 Qe7 16. Rde1 Bd7 17. a3 Qf7 18. f3 Nxd2 19. Qxd2 Ne6 20. Bxf5 Bh4 21. Bxe6 Bxe1 22. Qxe1 Bxe6 23. Be5 b5 24. Ne2 Bd7 25. Nf4 c5 26. Qg3 Kg8 27. Nxd5 Re6 28. e4 cxd4 29. Bxd4 Rc8 30. Bc3 a5 31. Kh2 b4 32. axb4 axb4 33. Nxb4 Rg6 34. Qh4 Rh6 35. Qg5 Rg6 36. Qe3 Re8 37. Rd1 Qe6 38. Qd4 Ba4 39. Rd2 Kh8 40. Nd5 Qd6+ 41. e5 Qc6 42. Nf4 Rg5 43. e6 Rg8 44. Re2 Bb3 45. Re5 h6 46. Rxg5 hxg5 47. Qe5 1-0

[Event "Managua Gomez Argenal Memorial"]
[Site "Managua"]
[Date "2021.06.12"]
[Round "5"]
[White "Rocha, Maximiliano"]
[Black "Avalos, Carlos"]
[Result "1-0"]
[WhiteElo "2085"]
[BlackElo "1844"]
[PlyCount "85"]
[EventDate "2021.05.29"]
[EventType "swiss"]
[EventRounds "9"]
[EventCountry "NCA"]
[SourceTitle "EXT 2022"]
[Source "ChessBase"]
[SourceDate "2021.10.06"]
[SourceVersion "1"]
[SourceVersionDate "2021.10.06"]
[SourceQuality "1"]

1. e4 e5 2. Nf3 Nf6 3. Nc3 Nc6 4. d4 exd4 5. Nxd4 Bb4 6. Nxc6 bxc6 7. Bd3 d5 8. exd5 cxd5 9. 0-0 0-0 10. Ne2 c6 11. c3 Bc5 12. Nd4 Qb6 13. Qa4 Bd7 14. Nf5 Ne4 15. Bxe4 dxe4 16. Qxe4 Rae8 17. Qf4 Bxf2+ 18. Kh1 Bxf5 19. Qxf5 Re1 20. Rxe1 Bxe1 21. Qe4 Qf2 22. Be3 Qe2 23. Qf3 Qxf3 24. gxf3 Bh4 25. Bxa7 Ra8 26. Bc5 f5 27. a4 Bd8 28. b4 Bf6 29. Ra3 Kf7 30. a5 Ke6 31. c4 Kd7 32. Rd3+ Kc7 33. Kg2 Re8 34. Bb6+ Kc8 35. Rd6 Kb7 36. Rd7+ Kb8 37. a6 Re2+ 38. Kf1 Ra2 39. b5 cxb5 40. cxb5 Ra3 41. Rf7 Kc8 42. Rf8+ Kd7 43. a7 1-0

[Event "Managua NCA Select-1"]
[Site "Managua"]
[Date "2021.05.16"]
[Round "8"]
[White "Espinoza Solano, Jose Nahum"]
[Black "Rocha, Maximiliano"]
[Result "0-1"]
[WhiteElo "2149"]
[BlackElo "2085"]
[PlyCount "133"]
[EventDate "2021.05.10"]
[EventType "tourn"]
[EventRounds "9"]
[EventCountry "NCA"]
[SourceTitle "EXT 2022"]
[Source "ChessBase"]
[SourceDate "2021.10.06"]
[SourceVersion "1"]
[SourceVersionDate "2021.10.06"]
[SourceQuality "1"]

1. e4 e5 2. Nf3 Nc6 3. Bc4 Bc5 4. 0-0 d6 5. c3 Nf6 6. d3 0-0 7. Re1 Bg4 8. h3 Bh5 9. b4 Bb6 10. a4 a6 11. g4 Bg6 12. Bg5 Kh8 13. Nbd2 h6 14. Bh4 Qe7 15. Nf1 Bh7 16. g5 Nh5 17. gxh6 Qd7 18. hxg7+ Kxg7 19. Ng5 Nf4 20. Qg4 f5 21. exf5 Bxf5 22. Ne6+ Kh8 23. Nxf8 Rxf8 24. Bf6+ Kh7 25. Qh4+ Kg6 26. Qg5+ Kh7 27. Kh2 Bg6 28. Qh4+ Nh5 29. d4 Rxf6 30. Ng3 Rxf2+ 31. Kg1 Rf4 32. Nxh5 Rxh4 33. Nf6+ Kh6 34. Nxd7 Nxd4 35. Nxb6 Nf3+ 36. Kg2 Nxe1+ 37. Rxe1 cxb6 38. Bd5 Bf5 39. Bxb7 a5 40. bxa5 bxa5 41. Rd1 Rxa4 42. Rxd6+ Kg5 43. Bd5 Rh4 44. Ra6 Rxh3 45. Rxa5 Rxc3 46. Kf2 Kf4 47. Ra4+ e4 48. Rc4 Rd3 49. Bc6 Rd2+ 50. Ke1 Rd6 51. Kf2 Rd2+ 52. Ke1 Rh2 53. Rb4 Rc2 54. Bb7 Rh2 55. Ra4 Rb2 56. Ba8 Rb5 57. Kf2 Ke5 58. Bc6 Rb3 59. Ba8 Kf4 60. Bc6 Rf3+ 61. Ke2 Rc3 62. Ba8 Bg4+ 63. Kd2 Rd3+ 64. Kc1 Bf3 65. Bxe4 Bxe4 66. Kb2 Ke3 67. Rb4 0-1